Carpentry and construction (Record no. 103703)
[ view plain ]
| 000 -LEADER | |
|---|---|
| fixed length control field | 01016cam a2200289 4500 |
| 008 - FIXED-LENGTH DATA ELEMENTS--GENERAL INFORMATION | |
| fixed length control field | 040817n2004 000 0 eng u |
| 020 ## - INTERNATIONAL STANDARD BOOK NUMBER | |
| International Standard Book Number | 0071440089 |
| 035 ## - SYSTEM CONTROL NUMBER | |
| System control number | (Sirsi) u127078 |
| 041 ## - LANGUAGE CODE | |
| Language code of text/sound track or separate title | eng |
| 050 ## - LIBRARY OF CONGRESS CALL NUMBER | |
| Classification number | 694 |
| -- | 22 |
| 100 ## - MAIN ENTRY--PERSONAL NAME | |
| Personal name | Miller, Mark R. |
| 245 ## - TITLE STATEMENT | |
| Title | Carpentry and construction |
| 250 ## - EDITION STATEMENT | |
| Edition statement | 4th ed. |
| 260 ## - PUBLICATION, DISTRIBUTION, ETC. | |
| Place of publication, distribution, etc. | New York |
| Name of publisher, distributor, etc. | McGraw-Hill |
| Date of publication, distribution, etc. | 2004 |
| 300 ## - PHYSICAL DESCRIPTION | |
| Extent | xvi, 696p. |
| Other physical details | ill |
| Dimensions | 28cm. |
| 350 ## - PRICE (NR) (BK AM CF MU VM SE) [OBSOLETE] | |
| Price | 29.99 |
| 520 ## - SUMMARY, ETC. | |
| Summary, etc. | Gives information for a wide audience about building a house and describes each stage of the construction process by focusing on recently developed tools and methods. Covers areas such as preparing the site, wiring the house and insulating for thermal efficiency. With over 1 300 photographs and illustrations. |
| 590 ## - LOCAL NOTE (RLIN) | |
| Local note | NB |
| 650 ## - SUBJECT ADDED ENTRY--TOPICAL TERM | |
| Topical term or geographic name entry element | TIMBER CONSTRUCTION |
| 650 ## - SUBJECT ADDED ENTRY--TOPICAL TERM | |
| Topical term or geographic name entry element | HOUSE CONSTRUCTION |
| 650 ## - SUBJECT ADDED ENTRY--TOPICAL TERM | |
| Topical term or geographic name entry element | CARPENTRY |
| 650 ## - SUBJECT ADDED ENTRY--TOPICAL TERM | |
| Topical term or geographic name entry element | FRAMING |
| 690 ## - LOCAL SUBJECT ADDED ENTRY--TOPICAL TERM (OCLC, RLIN) | |
| Topical term or geographic name as entry element | BUILT ENVIRONMENT-CONSTRUCTION DESIGN |
| 700 ## - ADDED ENTRY--PERSONAL NAME | |
| Personal name | Miller, Rex |
| 700 ## - ADDED ENTRY--PERSONAL NAME | |
| Personal name | Baker, Glenn E. |
| 942 ## - ADDED ENTRY ELEMENTS (KOHA) | |
| Suppress in OPAC | 0 |
| Withdrawn status | Lost status | Source of classification or shelving scheme | Damaged status | Not for loan | Home library | Current library | Shelving location | Date acquired | Cost, normal purchase price | Total Checkouts | Full call number | Barcode | Date last seen | Date last checked out | Copy number | Cost, replacement price | Price effective from | Koha item type |
|---|---|---|---|---|---|---|---|---|---|---|---|---|---|---|---|---|---|---|
| Dewey Decimal Classification | London | London | Folio | 17/03/2005 | 25.49 | 1 | F694 MIL | 30062636 | 06/08/2019 | 12/08/2005 | 1 | 25.49 | 06/08/2019 | Book |